000 00566nam a2200193Ia 4500
008 220216s9999 xx 000 0 und d
100 _aHeller R
245 0 _aGenetic localization of fourgenes for nematode (heterodera schachtii Schm) resistance in sugar beet (Beta vulgaris L)
260 _bTheoretical and Applied Genetics
_c1996
300 _a991-997
650 _aBulk segregant
650 _aGenetic map
650 _aNematode resistance
650 _aRFLP
700 _aJung C
700 _aSchondelmaier J
700 _aSteinrucken G
942 _cJS
999 _c59837
_d59837